[Event "tm FRA 1st"]
[Site "France"]
[Date "1999.??.??"]
[Round "1"]
[White "Hodgson, Julian"]
[Black "Belkhodja, Slim"]
[Result "1-0"]
[WhiteElo "2565"]
[BlackElo "2423"]
[Annotator "Le Mans-Caissa"]
[PlyCount "123"]
[EventDate "1999.??.??"]

1. d4 Nf6 2. Bg5 e6 3. e4 c5 4. d5 exd5 5. e5 Qe7 6. Qe2 h6 7. Bf4 Ne4 8. f3
Ng5 9. Nc3 d4 10. Nd5 Qd8 11. e6 d6 12. Bxg5 hxg5 13. exf7+ Kxf7 14. O-O-O Be6
15. Qe4 Nc6 16. f4 g4 17. Bd3 Rh6 18. f5 Bxd5 19. Qxd5+ Ke8 20. Re1+ Kd7 21.
Qf7+ Be7 22. Qxg7 Ne5 23. Rxe5 dxe5 24. Ne2 Qg8 25. Bb5+ Rc6 26. Bxc6+ bxc6 27.
Qxg8 Rxg8 28. Ng3 c4 29. b3 c3 30. Kd1 Kd6 31. Ke2 Kd5 32. Kd3 Rh8 33. Ne4 Rh5
34. f6 Bf8 35. h3 Rf5 36. hxg4 Rf4 37. Re1 Rxg4 38. g3 Ke6 39. Rh1 Kd5 40. Re1
Ke6 41. Re2 Kd5 42. f7 Ke6 43. Rf2 Rg7 44. Rf6+ Kd5 45. Rf3 Ke6 46. b4 Ke7 47.
Rf5 Ke6 48. Rf6+ Kd5 49. Rf3 Rg6 50. Nf6+ Ke6 51. Nh7 Ke7 52. Ke4 Rg4+ 53. Kxe5
d3 54. Nxf8 Kxf8 55. Rxd3 Kxf7 56. a3 Ke7 57. Rxc3 Kd7 58. Kf5 Rg8 59. g4 Rf8+
60. Ke5 Re8+ 61. Kf6 Rf8+ 62. Kg7 1-0

[Event "tm FRA 1st"]
[Site "France"]
[Date "1999.??.??"]
[Round "1"]
[White "Spiridonov, Nikola"]
[Black "Sulypa, Alexandre"]
[Result "1-0"]
[WhiteElo "2398"]
[BlackElo "2424"]
[Annotator "Caissa-Le Mans"]
[PlyCount "71"]
[EventDate "1999.??.??"]

1. c4 Nf6 2. g3 g6 3. Bg2 Bg7 4. Nc3 O-O 5. Nf3 d6 6. O-O e5 7. d3 h6 8. Rb1
Re8 9. Nd2 Nc6 10. b4 Ne7 11. b5 d5 12. cxd5 Nfxd5 13. Nxd5 Nxd5 14. Qc2 a6 15.
a4 axb5 16. axb5 b6 17. Ne4 Bb7 18. Bd2 Rc8 19. Qb3 c6 20. Rfc1 Qd7 21. bxc6
Rxc6 22. Rxc6 Bxc6 23. Bxh6 Bh8 24. Rc1 Bb7 25. h4 Ra8 26. Bd2 Bg7 27. Ng5 Ra6
28. Bh3 Qa4 29. Qxa4 Rxa4 30. e4 Nb4 31. Rc7 Ba6 32. Nxf7 Nxd3 33. Ng5 Nc5 34.
Be3 Rc4 35. Ne6 Bf6 36. Nxc5 1-0

[Event "tm FRA 1st"]
[Site "France"]
[Date "1999.??.??"]
[Round "1"]
[White "Kozakov, Mikhail"]
[Black "Fontaine, Robert"]
[Result "1/2-1/2"]
[WhiteElo "2420"]
[BlackElo "2369"]
[Annotator "Le Mans-Caissa"]
[PlyCount "76"]
[EventDate "1999.??.??"]

1. e4 c5 2. Nf3 d6 3. d4 cxd4 4. Nxd4 Nf6 5. Nc3 Nc6 6. Bc4 Qb6 7. Nb3 e6 8.
Bd3 a6 9. f4 Be7 10. Qf3 O-O 11. g4 Nb4 12. Be3 Qc7 13. O-O b5 14. Rac1 Bb7 15.
a3 Nxd3 16. cxd3 Qb8 17. Nd4 d5 18. e5 Nd7 19. Qg3 b4 20. axb4 Bxb4 21. Nce2 a5
22. f5 Nc5 23. Rcd1 Ba6 24. Nc1 Nd7 25. fxe6 fxe6 26. Rxf8+ Bxf8 27. Nxe6 Qxb2
28. Rf1 Qxe5 29. Nc7 Qxg3+ 30. hxg3 Rc8 31. Nxa6 Rc6 32. Rf5 Rxa6 33. Rxd5 Nf6
34. Rd8 Kf7 35. g5 Ng4 36. Bf4 Be7 37. Rd7 Ke6 38. Rb7 a4 1/2-1/2

[Event "tm FRA 1st"]
[Site "France"]
[Date "1999.??.??"]
[Round "1"]
[White "Marchand, Francois"]
[Black "Marcelin, Cyril"]
[Result "0-1"]
[WhiteElo "2286"]
[BlackElo "2383"]
[Annotator "Caissa-Le Mans"]
[PlyCount "58"]
[EventDate "1999.??.??"]

1. d4 e6 2. c4 f5 3. Nf3 Nf6 4. Nc3 Bb4 5. Qb3 Qe7 6. Bg5 h6 7. Bxf6 Bxc3+ 8.
Qxc3 Qxf6 9. e3 b6 10. Rc1 Bb7 11. d5 Qxc3+ 12. Rxc3 exd5 13. cxd5 Bxd5 14. Nd4
Nc6 15. Nxf5 O-O 16. Bd3 Bxa2 17. b3 Nb4 18. g4 c5 19. e4 a5 20. Bc4+ Kh7 21.
g5 d5 22. g6+ Kh8 23. Bb5 Bb1 24. Rg1 Rf6 25. Rh3 Bxe4 26. Ne7 Re6 27. Rxh6+
gxh6 28. g7+ Kh7 29. Be8 Rxe8 0-1

[Event "tm FRA 1st"]
[Site "France"]
[Date "1999.??.??"]
[Round "1"]
[White "Berthelot, Yannick"]
[Black "Lecuyer, Christian"]
[Result "1-0"]
[WhiteElo "2327"]
[BlackElo "2265"]
[Annotator "Le Mans-Caissa"]
[PlyCount "143"]
[EventDate "1999.??.??"]

1. e4 e5 2. Nf3 Nc6 3. d4 exd4 4. Nxd4 Bc5 5. Nxc6 Qf6 6. Qd2 dxc6 7. Nc3 Be6
8. Na4 Rd8 9. Bd3 Bd4 10. O-O b5 11. c3 bxa4 12. cxd4 Qxd4 13. Qg5 Ne7 14. Rd1
Qxe4 15. f3 Qd5 16. Qe3 Nf5 17. Qxa7 O-O 18. Qxa4 Qc5+ 19. Kh1 Rd4 20. Qc2 Qxc2
21. Bxc2 Rxd1+ 22. Bxd1 Rd8 23. Ba4 h6 24. Kg1 Bc4 25. Kf2 Bb5 26. Bc2 Nd4 27.
Bd1 c5 28. Be3 Bd3 29. Rc1 c4 30. Bxd4 Rxd4 31. Ke3 c5 32. Be2 f5 33. Bxd3 f4+
34. Kd2 Rxd3+ 35. Ke2 Rd4 36. a4 c3 37. Rxc3 Rxa4 38. Rxc5 Rb4 39. Rc2 Rb3 40.
Kd2 Kf7 41. Kc1 Kf6 42. Re2 g5 43. Kc2 Rb8 44. Re4 Kf5 45. b4 h5 46. Kb3 g4 47.
Rc4 gxf3 48. gxf3 Ke5 49. Re4+ Kf5 50. Re2 h4 51. Rb2 Ke5 52. Kc3 Rc8+ 53. Kd3
Rd8+ 54. Ke2 Rg8 55. Kf1 Rg6 56. b5 Rb6 57. Kg2 Kf5 58. Rb4 Kg5 59. Kf2 Kf5 60.
Ke2 h3 61. Kd3 Ke5 62. Re4+ Kf5 63. Kc4 Rg6 64. Re2 Rg2 65. Kd3 Rg8 66. b6 Rb8
67. Rb2 Ke5 68. b7 Kd5 69. Rb1 Ke5 70. Kc4 Ke6 71. Kc5 Ke5 72. Rb4 1-0

[Event "tm FRA 1st"]
[Site "France"]
[Date "1999.??.??"]
[Round "1"]
[White "De Sousa, Jose-Claude"]
[Black "Karr, Jean-Philippe"]
[Result "0-1"]
[WhiteElo "2275"]
[BlackElo "2347"]
[Annotator "Caissa-Le Mans"]
[PlyCount "74"]
[EventDate "1999.??.??"]

1. e4 c5 2. Nf3 d6 3. d4 cxd4 4. Nxd4 Nf6 5. Nc3 g6 6. Be3 Bg7 7. f3 O-O 8. Qd2
Nc6 9. O-O-O d5 10. exd5 Nxd5 11. Nxc6 bxc6 12. Bd4 e5 13. Bc5 Be6 14. Ne4 Rb8
15. Bc4 a5 16. g4 h6 17. Bb3 Re8 18. h4 Qc7 19. g5 h5 20. Bd6 Qb6 21. Bxb8 Rxb8
22. Qf2 Qa6 23. Rd2 a4 24. Bxd5 cxd5 25. Nf6+ Bxf6 26. gxf6 Qb5 27. b3 d4 28.
Rg1 axb3 29. cxb3 Bf5 30. Rg5 Qc6+ 31. Kd1 Qxf6 32. f4 d3 33. fxe5 Qxe5 34.
Rxd3 Qa1+ 35. Kd2 Qb2+ 36. Ke3 Qxf2+ 37. Kxf2 Bxd3 0-1

[Event "tm FRA 1st"]
[Site "France"]
[Date "1999.??.??"]
[Round "1"]
[White "Blot, Jerome"]
[Black "Lopez, Jorge"]
[Result "1-0"]
[WhiteElo "2253"]
[BlackElo "2189"]
[Annotator "Le Mans-Caissa"]
[PlyCount "169"]
[EventDate "1999.??.??"]

1. d4 Nf6 2. c4 e6 3. Nc3 Bb4 4. e3 c5 5. Nge2 cxd4 6. exd4 O-O 7. a3 Be7 8.
Nf4 d6 9. Be2 e5 10. Nfd5 Nxd5 11. Nxd5 Nc6 12. Be3 Bg5 13. O-O Be6 14. Bxg5
Qxg5 15. f4 exf4 16. Nxf4 Bd7 17. Qd2 Bg4 18. Bxg4 Qxg4 19. Rf3 Rae8 20. Raf1
Re4 21. Rg3 Rxd4 22. Qc3 Qh4 23. b4 g6 24. Rgf3 Re4 25. Qd3 Re1 26. Qxd6 Rxf1+
27. Rxf1 Qe7 28. Qd2 Qe5 29. Nd5 Qd4+ 30. Qxd4 Nxd4 31. Rd1 Nc6 32. b5 Ne5 33.
c5 Kg7 34. Nb4 Rc8 35. Rc1 Kf6 36. a4 Ke6 37. Rc2 Nd7 38. c6 bxc6 39. Nxc6 Kf6
40. Rf2+ Ke6 41. Re2+ Kd6 42. Rd2+ Ke6 43. Nxa7 Ra8 44. Nc6 Rxa4 45. Nd8+ Ke7
46. Nxf7 Rb4 47. Nd6 Ke6 48. Ne8 Ne5 49. Nc7+ Kf5 50. h3 h5 51. Rf2+ Ke4 52.
Rf4+ Kxf4 53. Nd5+ Ke4 54. Nxb4 Nc4 55. h4 Kd4 56. Na6 Nb6 57. Nc7 Ke4 58. Kf2
Kf4 59. g3+ Kf5 60. Kf3 g5 61. hxg5 Kxg5 62. Ne6+ Kf5 63. Nf4 Kg5 64. Ng2 Kf5
65. Ne3+ Kg5 66. Ke4 h4 67. gxh4+ Kxh4 68. Nd5 Nd7 69. Kf5 Nc5 70. b6 Kh5 71.
Nf6+ Kh6 72. Ne4 Nb7 73. Ke6 Kg7 74. Nd6 Na5 75. Kd7 Kf6 76. Kc7 Ke6 77. Nb7
Nb3 78. Nd6 Kd5 79. Nb7 Ke6 80. Kc6 Nd4+ 81. Kc5 Nb3+ 82. Kc4 Kd7 83. Kb5 Nd4+
84. Ka6 Kc8 85. Na5 1-0

[Event "tm FRA 1st"]
[Site "France"]
[Date "1999.??.??"]
[Round "1"]
[White "Wolrich, Charles"]
[Black "Bujisho, Benjamin"]
[Result "1/2-1/2"]
[WhiteElo "2161"]
[BlackElo "2270"]
[Annotator "Caissa-Le Mans"]
[PlyCount "141"]
[EventDate "1999.??.??"]

1. d4 d5 2. c4 c6 3. Qc2 e6 4. Nf3 Nd7 5. cxd5 exd5 6. Nc3 Bd6 7. Bg5 Ngf6 8.
e3 O-O 9. Bd3 h6 10. Bh4 Re8 11. O-O Nf8 12. Rab1 Bg4 13. Nd2 Bh5 14. Bg3 Bg6
15. b4 Rc8 16. Rfc1 h5 17. Bf5 Ng4 18. Nf3 Bxg3 19. hxg3 Qf6 20. Nh4 Bxf5 21.
Qxf5 g6 22. Qxf6 Nxf6 23. Nf3 N8d7 24. Na4 b5 25. Nc5 Nxc5 26. dxc5 Nd7 27. a4
a6 28. axb5 axb5 29. Ra1 Ne5 30. Nd4 Re7 31. Ra6 Rec7 32. Kf1 Kf8 33. Ke2 Ke7
34. Rca1 Kd7 35. Ra8 Ng4 36. Nf3 Rxa8 37. Rxa8 Nf6 38. Ra6 Ng4 39. Ng5 Ke7 40.
Nf3 Kd7 41. Nd4 Rc8 42. Ra7+ Rc7 43. Ra8 Nf6 44. Ra6 Ng4 45. Nf3 Ke7 46. Ne1
Ne5 47. Kd2 Ke6 48. Kc3 Ke7 49. Kd4 Nd7 50. Nd3 f6 51. Ra8 Nf8 52. Nf4 Ne6+ 53.
Nxe6 Kxe6 54. Rd8 Kf7 55. Rd6 Ke7 56. Kd3 Rc8 57. f3 Rc7 58. Kd4 Rc8 59. g4
hxg4 60. fxg4 Kf7 61. Kd3 Rc7 62. Ke2 Rc8 63. Kf3 g5 64. e4 dxe4+ 65. Kxe4 Re8+
66. Kd3 Re6 67. Rxe6 Kxe6 68. Ke4 Ke7 69. Kd4 Kf7 70. Ke3 Ke6 71. Ke4 1/2-1/2

[Event "tm FRA 1st"]
[Site "France"]
[Date "1999.??.??"]
[Round "1"]
[White "Dacalor, Aurelie"]
[Black "Arokiassamy, Cecile"]
[Result "1-0"]
[WhiteElo "2105"]
[BlackElo "1870"]
[Annotator "Le Mans-Caissa"]
[PlyCount "61"]
[EventDate "1999.??.??"]

1. d4 d5 2. c4 c6 3. Nc3 Nf6 4. Nf3 dxc4 5. a4 Bf5 6. e3 e6 7. Bxc4 Bb4 8. O-O
Nbd7 9. Nd2 O-O 10. Be2 e5 11. dxe5 Nxe5 12. e4 Bxc3 13. exf5 Bb4 14. Qc2 Re8
15. Nc4 Nd5 16. Nxe5 Rxe5 17. Bd3 Qe7 18. b3 Bd6 19. Bb2 Nb4 20. Qc4 Nxd3 21.
Qxd3 Re2 22. Bc3 Rd8 23. Qf3 Be5 24. Rae1 Bxc3 25. Rxe2 Qf6 26. Qe3 h6 27. Qxa7
Qxf5 28. Qxb7 Qf4 29. Qxc6 Be5 30. g3 Qd4 31. Qe4 1-0

[Event "tm FRA 1st"]
[Site "France"]
[Date "1999.??.??"]
[Round "1"]
[White "Hebden, Mark"]
[Black "Hauchard, Arnaud"]
[Result "1/2-1/2"]
[WhiteElo "2556"]
[BlackElo "2524"]
[Annotator "Clichy-Gonfreville"]
[PlyCount "75"]
[EventDate "1999.??.??"]

1. d4 Nf6 2. Nf3 e6 3. c3 c5 4. Bg5 d5 5. Nbd2 cxd4 6. cxd4 Nc6 7. e3 h6 8. Bh4
Qb6 9. Rb1 Bd6 10. a3 Bd7 11. Bd3 Ne7 12. Qe2 a6 13. O-O Bb5 14. Bxf6 gxf6 15.
e4 Bxd3 16. Qxd3 dxe4 17. Nxe4 Nd5 18. g3 Be7 19. Nfd2 O-O 20. Nc4 Qd8 21. Ne3
Rc8 22. Rbd1 f5 23. Nxd5 Qxd5 24. Nc3 Qb3 25. Qd2 Rfd8 26. d5 Bg5 27. Qe2 exd5
28. Rd4 Rc4 29. Rfd1 Rxd4 30. Rxd4 Qb6 31. Rxd5 Bf6 32. Qd2 Rxd5 33. Nxd5 Qxb2
34. Qxh6 Qb1+ 35. Kg2 Qe4+ 36. Kg1 Qe1+ 37. Kg2 Qe4+ 38. Kg1 1/2-1/2

[Event "tm FRA 1st"]
[Site "France"]
[Date "1999.??.??"]
[Round "1"]
[White "Eliet, Nicolas"]
[Black "Conquest, Stuart"]
[Result "0-1"]
[WhiteElo "2408"]
[BlackElo "2488"]
[Annotator "Gonfreville-Clichy"]
[PlyCount "104"]
[EventDate "1999.??.??"]

1. d4 d6 2. e4 Nf6 3. Nc3 g6 4. Bg5 c6 5. Qd2 b5 6. Bd3 Nbd7 7. f4 Bg7 8. Nf3
O-O 9. O-O Qc7 10. e5 b4 11. Ne2 Nd5 12. a3 Rb8 13. axb4 f6 14. exf6 exf6 15.
Bh4 Nxb4 16. Bc4+ Kh8 17. f5 g5 18. Bg3 a5 19. Be6 Nb6 20. Bxc8 Rfxc8 21. b3 c5
22. dxc5 Qxc5+ 23. Nfd4 Nd7 24. Kh1 Ne5 25. c3 Nbd3 26. Ne6 Qb6 27. N2d4 Ra8
28. Bxe5 Nxe5 29. Ra4 Qb7 30. Rfa1 Bh6 31. Rxa5 Rxa5 32. Rxa5 Qe4 33. Ra1 Qh4
34. c4 g4 35. Qe1 Qh5 36. Qg3 Bd2 37. Rd1 Ra8 38. Rf1 Ra2 39. Nf4 Qh6 40. Nde6
Ra3 41. Nd3 Bc3 42. h3 gxh3 43. gxh3 Nxd3 44. Qxd3 Be5 45. c5 Ra2 46. c6 Rh2+
47. Kg1 Rxh3 48. c7 Rh1+ 49. Kf2 Qh2+ 50. Kf3 Qg3+ 51. Ke4 d5+ 52. Qxd5 Rh4+
0-1

[Event "tm FRA 1st"]
[Site "France"]
[Date "1999.??.??"]
[Round "1"]
[White "Degraeve, Jean-Marc"]
[Black "Rausis, Igors"]
[Result "1/2-1/2"]
[WhiteElo "2536"]
[BlackElo "2508"]
[Annotator "Clichy-Gonfreville"]
[PlyCount "135"]
[EventDate "1999.??.??"]

1. e4 c6 2. d4 d5 3. e5 Bf5 4. Nc3 e6 5. g4 Bg6 6. Nge2 c5 7. Be3 Nd7 8. dxc5
Nxe5 9. Nf4 Nf6 10. Bb5+ Nc6 11. Qe2 Qc7 12. g5 d4 13. Nxg6 hxg6 14. Bxd4 O-O-O
15. Be3 Nd5 16. O-O-O Nxc3 17. bxc3 Be7 18. Rxd8+ Rxd8 19. Rd1 Rxd1+ 20. Qxd1
a6 21. Bxc6 Qxc6 22. Qd4 f6 23. h4 Qd5 24. Qa4 Qc6 25. Qg4 Qd5 26. Kb2 Kd7 27.
gxf6 Bxf6 28. Qxg6 Bxh4 29. Qxg7+ Be7 30. Qd4 Kc6 31. Qa4+ Kc7 32. Qf4+ e5 33.
Qb4 Qc6 34. Qc4 Qb5+ 35. Qxb5 axb5 36. c4 Kc6 37. cxb5+ Kxb5 38. Kb3 e4 39. a4+
Kc6 40. Kc4 Bf6 41. Bd4 Bg5 42. Be3 Bf6 43. c3 Bg7 44. Bd4 Bf8 45. Kb4 Be7 46.
c4 Bf8 47. Kc3 Bh6 48. Kc2 Bg5 49. Kd1 Bh6 50. Ke1 Bf8 51. Ke2 Bh6 52. a5 Bg5
53. Kf1 Be7 54. Ke2 Bg5 55. Be3 Be7 56. Kf1 Bxc5 57. Ke2 Be7 58. Bb6 Bg5 59.
Kf1 Kd6 60. Kg2 Ke5 61. Kh3 Bd2 62. Kg4 Be1 63. Kg5 Bd2+ 64. Kg6 Ke6 65. Kg7
Ke7 66. c5 Kd7 67. Kf6 Kc6 68. Ke5 1/2-1/2

[Event "tm FRA 1st"]
[Site "France"]
[Date "1999.??.??"]
[Round "1"]
[White "Beikert, Guenther"]
[Black "Renet, Olivier"]
[Result "1-0"]
[WhiteElo "2440"]
[BlackElo "2500"]
[Annotator "Gonfreville-Clichy"]
[PlyCount "109"]
[EventDate "1999.??.??"]

1. g3 e5 2. c4 Nc6 3. Bg2 g6 4. Nc3 Bg7 5. d3 d6 6. e4 f5 7. Nge2 Nf6 8. Nd5
O-O 9. Bg5 Ne7 10. Qd2 c6 11. Nxe7+ Qxe7 12. O-O Be6 13. b3 Qd7 14. exf5 Bxf5
15. Bxf6 Bxf6 16. d4 Qg7 17. dxe5 dxe5 18. Rad1 e4 19. Qe3 Rfe8 20. h3 Qe7 21.
Rfe1 Bg5 22. Nf4 a5 23. h4 Bf6 24. Bh3 Bxh3 25. Nxh3 a4 26. Ng5 Bxg5 27. hxg5
axb3 28. axb3 Ra5 29. f4 Ra2 30. Rd4 Qe6 31. Rxe4 Qxe4 32. Qxe4 Rxe4 33. Rxe4
Rb2 34. Re3 h5 35. gxh6 Kh7 36. g4 Kxh6 37. Kf1 Kg7 38. Re7+ Kf6 39. Rxb7 g5
40. fxg5+ Kxg5 41. Ke1 Kxg4 42. Kd1 Kf5 43. Kc1 Rh2 44. Re7 Rg2 45. Kb1 Rh2 46.
Rc7 Rh6 47. Kb2 Ke5 48. Rd7 Ke6 49. Rd1 Rh5 50. Ka3 Ke7 51. Ka4 Rg5 52. b4 Rg4
53. c5 Rg8 54. b5 Rg5 55. Kb4 1-0

[Event "tm FRA 1st"]
[Site "France"]
[Date "1999.??.??"]
[Round "1"]
[White "Relange, Eloi"]
[Black "Pecot, Laurent"]
[Result "1-0"]
[WhiteElo "2478"]
[BlackElo "2225"]
[Annotator "Clichy-Gonfreville"]
[PlyCount "80"]
[EventDate "1999.??.??"]

1. c4 e6 2. Nf3 d5 3. d4 c5 4. cxd5 exd5 5. Nc3 Nc6 6. g3 Nf6 7. Bg2 Be7 8. O-O
O-O 9. Bg5 c4 10. e3 Be6 11. b3 Qa5 12. Qc2 h6 13. Bxf6 Bxf6 14. bxc4 dxc4 15.
Rab1 Bf5 16. Ne4 Be7 17. Rxb7 Nb4 18. Qc3 Qa6 19. Ne5 Qxb7 20. Nf6+ gxf6 21.
Bxb7 fxe5 22. Bxa8 Rxa8 23. a3 Nd5 24. Qxc4 Be6 25. dxe5 Bxa3 26. Rd1 Nb6 27.
Qh4 Bf8 28. f4 a5 29. e4 a4 30. f5 Bb3 31. Rf1 a3 32. e6 fxe6 33. Qg4+ Kh8 34.
Qf3 Bc4 35. Qc3+ Kg8 36. Ra1 Bc5+ 37. Kg2 Rd8 38. Qa5 Rc8 39. f6 Bd3 40. Re1 e5
1-0

[Event "tm FRA 1st"]
[Site "France"]
[Date "1999.??.??"]
[Round "1"]
[White "Gouret, Thierry"]
[Black "Lamoureux, Charles"]
[Result "0-1"]
[WhiteElo "2296"]
[BlackElo "2377"]
[Annotator "Gonfreville-Clichy"]
[PlyCount "92"]
[EventDate "1999.??.??"]

1. d4 c5 2. d5 e5 3. e4 d6 4. Bb5+ Nd7 5. f4 exf4 6. Nf3 g5 7. h4 g4 8. Ng1 Bh6
9. Qxg4 Ngf6 10. Qf3 Qe7 11. Nc3 Rg8 12. Nge2 a6 13. Bxd7+ Bxd7 14. Bxf4 Bxf4
15. Nxf4 O-O-O 16. Kd2 Ng4 17. Nd3 Rde8 18. Raf1 Rg7 19. Qf4 b5 20. b4 cxb4 21.
Nxb4 Ne5 22. Rf2 Rg4 23. Qf6 Rxg2 24. Qxe7 Rxf2+ 25. Ke1 Rxe7 26. Kxf2 a5 27.
Nd3 b4 28. Ne2 f5 29. exf5 Ng4+ 30. Kf3 Bxf5 31. Ng3 Ne3 32. Rc1 Bg4+ 33. Kf4
h5 34. c4 Ng2+ 35. Kg5 Re3 36. Nxh5 Bxh5 37. Kxh5 Rxd3 38. c5 Rxd5+ 39. Kg4
dxc5 40. h5 Ne3+ 41. Kf4 Rxh5 42. Kxe3 Kc7 43. a4 Kd6 44. Rg1 Kd5 45. Rg4 Rh3+
46. Kd2 Ra3 0-1

[Event "tm FRA 1st"]
[Site "France"]
[Date "1999.??.??"]
[Round "1"]
[White "Leconte, Maria"]
[Black "Gervais, Claire"]
[Result "1-0"]
[WhiteElo "2315"]
[BlackElo "2201"]
[Annotator "Clichy-Gonfreville"]
[PlyCount "71"]
[EventDate "1999.??.??"]

1. e4 e6 2. d3 d5 3. Nd2 c5 4. Ngf3 Nc6 5. g3 g6 6. Bg2 Bg7 7. O-O Nge7 8. Re1
O-O 9. e5 Qc7 10. Qe2 b6 11. Nf1 h6 12. h4 Bb7 13. c3 Rad8 14. Bf4 Nf5 15. N1h2
b5 16. Ng4 Qe7 17. d4 cxd4 18. Qxb5 dxc3 19. bxc3 Ba8 20. Qb2 Na5 21. Qc1 Kh7
22. Nf6+ Bxf6 23. exf6 Qxf6 24. Bc7 Nc4 25. Bxd8 Rxd8 26. Qf4 Qxc3 27. Rac1 Qa5
28. g4 Nfd6 29. Qf6 Rd7 30. h5 Ne4 31. hxg6+ fxg6 32. Qxe6 Nc5 33. Qe8 Qd8 34.
Qxd8 Rxd8 35. Re7+ Kg8 36. Nd4 1-0

[Event "tm FRA 1st"]
[Site "France"]
[Date "1999.??.??"]
[Round "1"]
[White "Komarov, Dimitri"]
[Black "David, Alberto"]
[Result "0-1"]
[WhiteElo "2588"]
[BlackElo "2533"]
[Annotator "Drancy-Chess XV"]
[PlyCount "116"]
[EventDate "1999.??.??"]

1. Nf3 Nf6 2. c4 g6 3. Nc3 Bg7 4. e4 d6 5. d4 O-O 6. Be2 e5 7. d5 a5 8. Bg5 h6
9. Bh4 Na6 10. O-O Qe8 11. Nd2 Nh7 12. a3 Bd7 13. b3 h5 14. f3 Bh6 15. Kh1 Be3
16. Qc2 f5 17. exf5 gxf5 18. Rae1 Qg6 19. Bd3 Bh6 20. g4 Kh8 21. gxf5 Bxf5 22.
Nde4 Qf7 23. Nb5 Bh3 24. Rf2 b6 25. Qc3 Bg7 26. Bb1 Qf4 27. Bg3 Qh6 28. Qd2
Qxd2 29. Nxd2 Bf6 30. Rfe2 Bg5 31. Rg1 Bxd2 32. Rxd2 Rxf3 33. Bc2 Raf8 34. Bh4
Rf1 35. Rd1 R1f4 36. Bg3 Rg4 37. Rd2 Ng5 38. Bd1 Nf3 39. Rf2 e4 40. Nc3 h4 41.
Nxe4 Rxe4 42. Rxf3 Rxf3 43. Bxf3 Re3 44. Bxh4 Rxf3 45. Rg3 Rxg3 46. hxg3 Kg7
47. Kg1 Bf5 48. Kf2 Bc2 49. b4 axb4 50. axb4 Nxb4 51. Bd8 Na6 52. Ke3 Bf5 53.
Kd4 Kf7 54. Bh4 Ke8 55. Kc3 Nc5 56. Kb4 Bg4 57. Kb5 Kd7 58. Kb4 Be2 0-1

[Event "tm FRA 1st"]
[Site "France"]
[Date "1999.??.??"]
[Round "1"]
[White "Bernard, Christophe"]
[Black "Legky, Nikolay"]
[Result "0-1"]
[WhiteElo "2356"]
[BlackElo "2487"]
[Annotator "Chess XV-Drancy"]
[PlyCount "92"]
[EventDate "1999.??.??"]

1. d4 d5 2. Nf3 Nf6 3. c4 dxc4 4. Nc3 a6 5. a4 Nc6 6. Bg5 Bg4 7. d5 Bxf3 8.
gxf3 Na5 9. Qc2 g6 10. Rd1 Bg7 11. h4 Nh5 12. Bh3 f5 13. e4 f4 14. d6 cxd6 15.
Nd5 Nc6 16. Qxc4 Bf6 17. e5 Bxg5 18. hxg5 Nxe5 19. Nc7+ Kf8 20. Ne6+ Kg8 21.
Qd5 Qb6 22. Nxf4+ Kf8 23. Ne6+ Ke8 24. Bg4 Nxg4 25. fxg4 Qb4+ 26. Rd2 Nf4 27.
Nxf4 Qxf4 28. Qxb7 Kf7 29. Qd5+ Kg7 30. Qd4+ Qxd4 31. Rxd4 Rac8 32. Rh3 Rc1+
33. Kd2 Rhc8 34. Rc3 R8xc3 35. bxc3 Ra1 36. Re4 Kf7 37. f4 Rg1 38. Ke3 Rg3+ 39.
Kd2 Rxg4 40. Rb4 Ke6 41. Ke3 Kf5 42. Rb7 Rxf4 43. Rxe7 Rxa4 44. Rxh7 Kxg5 45.
Rd7 Rc4 46. Kd3 Rc6 0-1

[Event "tm FRA 1st"]
[Site "France"]
[Date "1999.??.??"]
[Round "1"]
[White "Moracchini, Fabrice"]
[Black "Guyard, Bertrand"]
[Result "1/2-1/2"]
[WhiteElo "2303"]
[BlackElo "2196"]
[Annotator "Drancy-Chess XV"]
[PlyCount "69"]
[EventDate "1999.??.??"]

1. d4 Nf6 2. Nf3 g6 3. c4 Bg7 4. Nc3 O-O 5. e4 d6 6. h3 e5 7. d5 Nh5 8. Nh2 a5
9. g3 Na6 10. Be2 Nf6 11. g4 Nc5 12. Qc2 Ne8 13. Rg1 Kh8 14. Nf3 f5 15. Bg5 Qd7
16. Be3 fxe4 17. Nxe4 Nxe4 18. Qxe4 Nf6 19. Qc2 c6 20. Rd1 cxd5 21. cxd5 Qe7
22. Ng5 Bd7 23. h4 Rfc8 24. Qb1 e4 25. Nh3 a4 26. Nf4 a3 27. g5 Nh5 28. Bxh5
gxh5 29. Nxh5 Bxb2 30. Bd4+ Bxd4 31. Rxd4 Qe5 32. Qd1 Rc3 33. Rg3 Rxg3 34. fxg3
e3 35. Qd3 1/2-1/2

[Event "tm FRA 1st"]
[Site "France"]
[Date "1999.??.??"]
[Round "1"]
[White "Schabanel, Stephane"]
[Black "Doornbos, Yann"]
[Result "1/2-1/2"]
[WhiteElo "2217"]
[BlackElo "2332"]
[Annotator "Chess XV-Drancy"]
[PlyCount "126"]
[EventDate "1999.??.??"]

1. e4 e6 2. d4 d5 3. Nc3 Bb4 4. e5 Ne7 5. a3 Bxc3+ 6. bxc3 b6 7. h4 Ba6 8. Bxa6
Nxa6 9. h5 h6 10. Qg4 Kf8 11. Qe2 Nb8 12. g4 c5 13. f4 Qc7 14. Rh3 Nbc6 15. Qf2
cxd4 16. cxd4 Qd7 17. Ne2 g6 18. Rb1 Ke8 19. Bd2 Kd8 20. Nc3 Na5 21. Nb5 Nc4
22. Bb4 Kc8 23. a4 Kb7 24. Bxe7 Qxe7 25. Rc3 Rad8 26. a5 gxh5 27. gxh5 Rhg8 28.
axb6 axb6 29. Rcb3 Rg4 30. Nd6+ Rxd6 31. exd6 Qxd6 32. Rf3 f5 33. Ke2 Qc7 34.
Rg1 Nd6 35. Kd1 Ne4 36. Qe3 Qc4 37. Rff1 Qb4 38. Kc1 Qa5 39. Kd1 Qa1+ 40. Ke2
Qb2 41. Qd3 Rh4 42. Rh1 Ng3+ 43. Qxg3 Qxc2+ 44. Ke1 Qc1+ 45. Ke2 Qc2+ 46. Ke1
Qe4+ 47. Kd2 Rxh1 48. Rxh1 Qxh1 49. Qg7+ Ka6 50. Qxh6 Qg2+ 51. Kc3 Qg3+ 52. Kc2
Qf2+ 53. Kd3 Qf3+ 54. Kd2 Qe4 55. Kc3 Qe3+ 56. Kc2 Qxd4 57. Qxe6 Qf2+ 58. Kd3
Qf3+ 59. Kd4 Qxf4+ 60. Kxd5 Qf3+ 61. Kd4 Qg4+ 62. Kc3 Qh3+ 63. Kd4 Qh4+ 1/2-1/2

[Event "tm FRA 1st"]
[Site "France"]
[Date "1999.??.??"]
[Round "1"]
[White "Giffard, Nicolas"]
[Black "Heinis, Vincent"]
[Result "0-1"]
[WhiteElo "2369"]
[BlackElo "2266"]
[Annotator "Drancy-Chess XV"]
[PlyCount "98"]
[EventDate "1999.??.??"]

1. Nf3 d5 2. b3 Bg4 3. Bb2 e6 4. d4 Nf6 5. Nbd2 c5 6. e3 Nc6 7. Be2 Be7 8. O-O
O-O 9. c4 cxd4 10. exd4 Rc8 11. a3 dxc4 12. bxc4 Qb6 13. Bc3 Bf5 14. Ra2 Rfd8
15. Qa1 Ne8 16. h3 Bf6 17. c5 Qc7 18. Re1 Qd7 19. Bb5 Nc7 20. Bxc6 Qxc6 21. Nc4
Nd5 22. Bd2 Qa4 23. Nd6 Rc7 24. Ne5 b6 25. Nxf5 exf5 26. cxb6 Nxb6 27. Nf3 h6
28. Qb1 Bxd4 29. Qxf5 Rcd7 30. Bb4 Rd5 31. Qb1 Bf6 32. Rae2 g6 33. Qa2 Rd1 34.
Be7 Bxe7 35. Rxe7 Rxe1+ 36. Nxe1 Nd5 37. Rb7 Qd1 38. Rb1 Qd4 39. Nf3 Qa4 40.
Rb7 Qd1+ 41. Kh2 Qa4 42. g3 Qe4 43. Qb3 Rd6 44. Rxa7 Rb6 45. Ra8+ Kg7 46. Nd2
Qd4 47. Qf3 Rf6 48. Nb3 Qc4 49. Na5 Qf1 0-1

[Event "tm FRA 1st"]
[Site "France"]
[Date "1999.??.??"]
[Round "1"]
[White "Bouton, Christophe"]
[Black "Delebarre, Xavier"]
[Result "0-1"]
[WhiteElo "2238"]
[BlackElo "2261"]
[Annotator "Chess XV-Drancy"]
[PlyCount "84"]
[EventDate "1999.??.??"]

1. Nf3 c5 2. c4 Nc6 3. g3 g6 4. Bg2 Bg7 5. Nc3 d6 6. O-O e5 7. d3 Nge7 8. Bg5
f6 9. Bd2 Be6 10. Ne1 Qd7 11. Nc2 Bh3 12. Nd5 Nxd5 13. cxd5 Nd8 14. b4 b6 15.
a4 Nf7 16. Ne3 h5 17. bxc5 bxc5 18. Qb3 O-O 19. Rab1 Bxg2 20. Kxg2 f5 21. Qb5
Qe7 22. Qa6 Rab8 23. Nc4 f4 24. Rxb8 Rxb8 25. Na5 Rb2 26. Qc8+ Kh7 27. Nc4 Ra2
28. Rb1 e4 29. Qe6 f3+ 30. Kf1 fxe2+ 31. Kxe2 Qf8 32. Rb7 Ng5 33. Rxg7+ Kxg7
34. Qd7+ Kg8 35. f4 exf3+ 36. Kf2 Qf6 37. Qe8+ Kg7 38. Qd7+ Kh6 39. Qe8 Kg7 40.
Qd7+ Nf7 41. Qe6 Qd4+ 42. Qe3 Ne5 0-1

[Event "tm FRA 1st"]
[Site "France"]
[Date "1999.??.??"]
[Round "1"]
[White "Barakoff, Annie"]
[Black "Bonvalot, Isabelle"]
[Result "0-1"]
[WhiteElo "1670"]
[BlackElo "2000"]
[Annotator "Drancy-Chess XV"]
[PlyCount "66"]
[EventDate "1999.??.??"]

1. c4 f5 2. g3 Nf6 3. Bg2 g6 4. d4 Bg7 5. Nf3 d6 6. O-O O-O 7. Nc3 c6 8. d5 c5
9. a3 Na6 10. Rb1 Nc7 11. Bd2 Rb8 12. b3 b5 13. Re1 Ba6 14. cxb5 Bxb5 15. Nxb5
Nxb5 16. Ng5 Qb6 17. Ne6 Ne4 18. Bxe4 fxe4 19. Nxg7 Kxg7 20. Qc1 Kg8 21. Bh6
Rf7 22. e3 Qb7 23. Rd1 Qd7 24. h4 Qg4 25. Rd2 Qh5 26. Bf4 h6 27. Bxh6 Qxh6 28.
Qc4 Nxa3 29. Qxe4 Nxb1 30. Qxb1 Qh5 31. Qa2 g5 32. hxg5 Rh7 33. Kf1 Qf3 0-1